Pagbasa at pagsulat tungo sa pananaliksik (Filipino 2) / (Record no. 3086)

MARC details
000 -LEADER
fixed length control field 00793nam a22002297a 4500
003 - CONTROL NUMBER IDENTIFIER
control field OSt
005 - DATE AND TIME OF LATEST TRANSACTION
control field 20240924063353.0
008 - FIXED-LENGTH DATA ELEMENTS--GENERAL INFORMATION
fixed length control field 240924b |||||||| |||| 00| 0 eng d
020 ## - INTERNATIONAL STANDARD BOOK NUMBER
International Standard Book Number 9789710445455
040 ## - CATALOGING SOURCE
Original cataloging agency DWCL-main lib.
Transcribing agency OC
082 ## - DEWEY DECIMAL CLASSIFICATION NUMBER
Classification number Fil. 490.75 Es77p 2009
100 ## - MAIN ENTRY--PERSONAL NAME
Personal name ESPINA, LETICIA D.
245 ## - TITLE STATEMENT
Title Pagbasa at pagsulat tungo sa pananaliksik (Filipino 2) /
Remainder of title Leticia D. Espina, Norly R. Plasencia, Victoria R. Ramos
260 ## - PUBLICATION, DISTRIBUTION, ETC.
Place of publication, distribution, etc. Manila :
Name of publisher, distributor, etc. Mindshapers Co., Inc.,
Date of publication, distribution, etc. c2009.
300 ## - PHYSICAL DESCRIPTION
Extent vi, 223 pages ;
Dimensions 25 cm.
504 ## - BIBLIOGRAPHY, ETC. NOTE
Bibliography, etc. note Includes bibliographical references.
650 ## - SUBJECT ADDED ENTRY--TOPICAL TERM
General subdivision Readers
Topical term or geographic name entry element Filipino language
650 ## - SUBJECT ADDED ENTRY--TOPICAL TERM
Topical term or geographic name entry element Filipino language
General subdivision Study and teaching
700 ## - ADDED ENTRY--PERSONAL NAME
Personal name Plasencia, Norly R.
700 ## - ADDED ENTRY--PERSONAL NAME
Personal name Ramos, Victoria R.
942 ## - ADDED ENTRY ELEMENTS (KOHA)
Source of classification or shelving scheme Dewey Decimal Classification
Koha item type Book-Filipiniana
Call number prefix Fil. 490.75 Es77p
Suppress in OPAC Yes

No items available.